Countries Bordering Serbia by Border Length - Statistics

General Stats
  • This quiz has been taken 208 times
  • The average score is 7 of 8
Answer Stats
Hint Answer % Correct
547.9 km Romania
99%
363 km Bosnia and Herzegovina
94%
360 km Bulgaria
90%
259 km Croatia
88%
249.5 km Montenegro
85%
174,7 km Hungary
83%
238 km Macedonia
83%
113,4 km Albania
77%
No matching quizzes found
Score Distribution
Percent of People with Each Score
Percentile by Number Answered
Your Score History
You have not taken this quiz